[Event "Lichtenrader Herbst 2017"]
[Site "Berlin"]
[Date "2017.11.04"]
[Round "8.8"]
[White "Mueller, Nick"]
[Black "Knudsen, Jesper"]
[Result "1-0"]
[WhiteElo "2268"]
[BlackElo "2081"]
[PlyCount "55"]
[EventDate "2017.??.??"]

1. Nf3 c5 2. c4 Nc6 3. Nc3 g6 4. e3 Nf6 5. d4 cxd4 6. exd4 Bg7 7. d5 Nb8 8. Be2
O-O 9. O-O d6 10. h3 Na6 11. Be3 Nc5 12. Bd4 b6 13. Re1 Bb7 14. b4 e5 15. Bxc5
dxc5 16. bxc5 bxc5 17. Rb1 Rb8 18. Qa4 a6 19. Rb3 Qe7 20. Nd2 Rbd8 21. Qa5 Rd7
22. Bf3 Bc8 23. Na4 Bh6 24. Nf1 Rc7 25. d6 Qxd6 26. Rb6 Qd8 27. Rxf6 Bd7 28.
Rd6 1-0

[Event "Lichtenrader Herbst 2017"]
[Site "Berlin"]
[Date "2017.11.04"]
[Round "8.9"]
[White "Hesse, Henrik"]
[Black "Foerster, Jonas"]
[Result "0-1"]
[WhiteElo "2120"]
[BlackElo "2268"]
[PlyCount "66"]
[EventDate "2017.??.??"]

1. c4 b6 2. g3 Bb7 3. Nf3 Bxf3 4. exf3 c5 5. d4 Nc6 6. d5 Nd4 7. Be3 Nf5 8. Bd3
Nxe3 9. fxe3 g6 10. Nc3 Bg7 11. Qc2 Nf6 12. O-O-O a6 13. e4 d6 14. f4 Nd7 15.
h4 b5 16. cxb5 c4 17. Bxc4 Rc8 18. Qb3 O-O 19. bxa6 Qa5 20. e5 dxe5 21. Qb5 Qc7
22. b3 Nb6 23. d6 exd6 24. Nd5 Nxd5 25. Rxd5 exf4 26. gxf4 Qe7 27. Rhd1 Qe3+
28. R1d2 Qc3+ 29. Rc2 Qa1+ 30. Kd2 Rfe8 31. Rc1 Bc3+ 32. Rxc3 Qe1+ 33. Kc2 Re2+
0-1

[Event "Lichtenrader Herbst 2017"]
[Site "Berlin"]
[Date "2017.11.04"]
[Round "8.10"]
[White "Brustkern, Juergen"]
[Black "Vogel, Constantin"]
[Result "1-0"]
[WhiteElo "2287"]
[BlackElo "1963"]
[PlyCount "55"]
[EventDate "2017.??.??"]

1. c4 c5 2. Nc3 g6 3. e3 Bg7 4. d4 Nf6 5. d5 e6 6. Nf3 exd5 7. cxd5 O-O 8. Be2
d6 9. O-O Re8 10. Nd2 Bf5 11. Nc4 Na6 12. f3 Nc7 13. e4 b5 14. exf5 bxc4 15.
fxg6 hxg6 16. Bg5 Rb8 17. Rb1 Qd7 18. Bxc4 Qf5 19. Qd2 Nfxd5 20. Ne4 Bd4+ 21.
Kh1 Re6 22. b3 f6 23. Bh4 Ne3 24. Bxe6+ Nxe6 25. Rfe1 d5 26. Nxf6+ Kf7 27. Ng4
Nxg2 28. Nh6+ 1-0

[Event "Lichtenrader Herbst 2017"]
[Site "Berlin"]
[Date "2017.11.04"]
[Round "8.11"]
[White "Weber, Max"]
[Black "Kornitzky, Tino"]
[Result "1-0"]
[WhiteElo "2264"]
[BlackElo "1943"]
[PlyCount "63"]
[EventDate "2017.??.??"]

1. d4 Nf6 2. c4 e6 3. Nf3 d5 4. g3 Bb4+ 5. Bd2 Be7 6. Bg2 c6 7. Qc2 O-O 8. O-O
b6 9. Rd1 Nbd7 10. Bf4 Ba6 11. Ne5 Nxe5 12. dxe5 Nd7 13. cxd5 cxd5 14. e4 Rc8
15. Nc3 d4 16. Rxd4 Qc7 17. Qd1 Nxe5 18. Qa4 Bc5 19. Rd2 Bb7 20. Nb5 Qb8 21.
Qxa7 Qxa7 22. Nxa7 Ra8 23. Bxe5 Rxa7 24. Rd7 f6 25. Bd6 Rfa8 26. Bxc5 bxc5 27.
Rc1 f5 28. Rxb7 Rxb7 29. exf5 Rbb8 30. Bxa8 Rxa8 31. fxe6 Rc8 32. Rc4 1-0

[Event "Lichtenrader Herbst 2017"]
[Site "Berlin"]
[Date "2017.11.04"]
[Round "8.12"]
[White "Hiebert, Kenji"]
[Black "Chan, Kim Yew"]
[Result "0-1"]
[WhiteElo "2017"]
[BlackElo "2185"]
[PlyCount "86"]
[EventDate "2017.??.??"]

1. Nf3 c5 2. c4 g6 3. e4 Nc6 4. d4 cxd4 5. Nxd4 Nf6 6. Nc3 d6 7. Be2 Nxd4 8.
Qxd4 Bg7 9. Be3 O-O 10. Qd2 Be6 11. Rc1 Qa5 12. b3 Rfc8 13. O-O a6 14. f3 b5
15. cxb5 axb5 16. Rc2 Rc7 17. Rfc1 Rac8 18. Bd3 Bd7 19. a4 bxa4 20. bxa4 Be6
21. Nb5 Qxd2 22. Bxd2 Rxc2 23. Rxc2 Rxc2 24. Bxc2 Nd7 25. Bc3 Bxc3 26. Nxc3 Nc5
27. Nd5 Bxd5 28. exd5 Kf8 29. Kf2 Ke8 30. Ke3 Kd7 31. h4 Kc7 32. h5 Kb6 33. Kf4
Ka5 34. Kg5 Nxa4 35. Kh6 gxh5 36. Kg7 Nc3 37. Kxf7 Nxd5 38. Ke6 Ne3 39. Bxh7
Nxg2 40. Kxe7 h4 41. Bd3 h3 42. Bf1 d5 43. Kf6 d4 0-1

[Event "Lichtenrader Herbst 2017"]
[Site "Berlin"]
[Date "2017.11.04"]
[Round "8.13"]
[White "Federau, Juergen"]
[Black "Moeller, Hendrik"]
[Result "1/2-1/2"]
[WhiteElo "2113"]
[BlackElo "2279"]
[PlyCount "35"]
[EventDate "2017.??.??"]

1. d4 d5 2. c4 e6 3. Nc3 c5 4. cxd5 exd5 5. Nf3 Nc6 6. g3 Nf6 7. Bg2 Be7 8. O-O
O-O 9. dxc5 Bxc5 10. Na4 Be7 11. Be3 Bg4 12. Rc1 Re8 13. Nc5 Qb6 14. Ne6 Qa5
15. Bd2 Qb6 16. Be3 Qa5 17. Bd2 Qb6 18. Be3 1/2-1/2

[Event "Lichtenrader Herbst 2017"]
[Site "Berlin"]
[Date "2017.11.04"]
[Round "8.14"]
[White "Cusnariov, Nikolai"]
[Black "Heinig, Wolfram"]
[Result "1-0"]
[WhiteElo "2099"]
[BlackElo "2311"]
[PlyCount "109"]
[EventDate "2017.??.??"]

1. Nf3 Nf6 2. d4 g6 3. g3 Bg7 4. Bg2 O-O 5. c4 d6 6. O-O Nbd7 7. Nc3 e5 8. e4
a6 9. Re1 Rb8 10. dxe5 dxe5 11. b4 b5 12. c5 c6 13. Bb2 Qe7 14. Qd2 Re8 15.
Rad1 Bb7 16. Bh3 Nf8 17. Qd6 Qxd6 18. Rxd6 Re7 19. Red1 Ne8 20. Rd8 Rxd8 21.
Rxd8 f6 22. Nd2 Kf7 23. Nb3 Nc7 24. Na5 Ba8 25. Rd6 Ne8 26. Rxc6 Bxc6 27. Nxc6
Rc7 28. Na5 Ne6 29. Nd5 Rc8 30. Nb7 Bf8 31. f4 Rb8 32. Na5 exf4 33. gxf4 N6c7
34. Nc6 Nxd5 35. exd5 Ra8 36. Be6+ Kg7 37. Bd7 Nc7 38. d6 Nd5 39. f5 Nxb4 40.
Nxb4 Rd8 41. c6 Bxd6 42. Nd5 Rf8 43. c7 Bxc7 44. Nxc7 Rf7 45. Ne8+ Kh6 46. Be6
Rf8 47. Bc1+ Kh5 48. Ng7+ Kh4 49. Bb3 Rd8 50. Ne6 Re8 51. Be3 Rc8 52. Kg2 Rc3
53. Bd4 Rd3 54. Bf2+ Kg4 55. h3+ 1-0

[Event "Lichtenrader Herbst 2017"]
[Site "Berlin"]
[Date "2017.11.04"]
[Round "8.15"]
[White "Kather, Yannick"]
[Black "Stigar, Petter"]
[Result "1/2-1/2"]
[WhiteElo "2040"]
[BlackElo "2211"]
[PlyCount "37"]
[EventDate "2017.??.??"]

1. e4 e6 2. d4 d5 3. Nc3 dxe4 4. Nxe4 Nd7 5. Nf3 Ngf6 6. Nxf6+ Nxf6 7. c3 c5 8.
Bd3 cxd4 9. cxd4 Bb4+ 10. Bd2 Qa5 11. O-O Bxd2 12. Nxd2 O-O 13. Nc4 Qd5 14. Ne3
Qd6 15. Qd2 Bd7 16. Nc4 Qd5 17. Ne3 Qd6 18. Nc4 Qd5 19. Ne3 1/2-1/2

[Event "Lichtenrader Herbst 2017"]
[Site "Berlin"]
[Date "2017.11.04"]
[Round "8.16"]
[White "Farmani Anosheh, Yasha"]
[Black "Turbin, Yaroslav"]
[Result "0-1"]
[WhiteElo "2194"]
[BlackElo "1986"]
[PlyCount "56"]
[EventDate "2017.??.??"]

1. Nf3 Nf6 2. c4 c5 3. Nc3 Nc6 4. g3 e5 5. Bg2 Be7 6. e3 d6 7. d4 cxd4 8. exd4
Bg4 9. dxe5 Nxe5 10. h3 Bxf3 11. Bxf3 Qc8 12. Bf4 Qxc4 13. Be2 Qe6 14. Nb5 Rc8
15. Nxa7 Rc5 16. Be3 O-O 17. Bxc5 dxc5 18. Kf1 c4 19. Nb5 Qc6 20. Kg1 Qxb5 21.
Qc2 Nd3 22. b3 Qf5 23. Rf1 Bc5 24. Qxc4 Nxf2 25. Kg2 N6e4 26. Bd3 Qe5 27. Bxe4
Nxe4 28. Rf4 Qb2+ 0-1

[Event "Lichtenrader Herbst 2017"]
[Site "Berlin"]
[Date "2017.11.04"]
[Round "8.17"]
[White "Mcgowan, Daniel"]
[Black "Albrecht, Rainer"]
[Result "1/2-1/2"]
[WhiteElo "2168"]
[BlackElo "2067"]
[PlyCount "28"]
[EventDate "2017.??.??"]

1. d4 e6 2. Nf3 d5 3. e3 Nf6 4. Bd3 b6 5. O-O Bb7 6. b3 Nbd7 7. Bb2 Bd6 8. Nbd2
O-O 9. c4 Qe7 10. cxd5 exd5 11. Nh4 g6 12. g3 Ne4 13. Re1 f5 14. Bf1 Ndf6
1/2-1/2

[Event "Lichtenrader Herbst 2017"]
[Site "Berlin"]
[Date "2017.11.04"]
[Round "8.18"]
[White "Guenther, Thomas"]
[Black "Llopis de Aysa, Manuel"]
[Result "0-1"]
[WhiteElo "2050"]
[BlackElo "2138"]
[PlyCount "96"]
[EventDate "2017.??.??"]

1. c4 g6 2. Nc3 Bg7 3. g3 Nf6 4. Bg2 O-O 5. e4 c5 6. Nge2 Nc6 7. d3 a6 8. h3
Ne8 9. O-O Rb8 10. Be3 Nd4 11. Qd2 b5 12. cxb5 axb5 13. Bxd4 cxd4 14. Nd5 e6
15. Nb4 Qa5 16. a3 Bb7 17. Rac1 Nc7 18. Qf4 e5 19. Qh4 Na6 20. Qe7 Nxb4 21.
axb4 Qd8 22. Qxd8 Rfxd8 23. Rc5 Bc6 24. f4 f6 25. fxe5 fxe5 26. Nc1 Re8 27. Nb3
Bf8 28. Rc2 Bxb4 29. h4 Rf8 30. Bh3 Rxf1+ 31. Kxf1 Kf7 32. Nc5 Ke7 33. Na6 Rf8+
34. Ke2 Bd6 35. Nc5 Ra8 36. Nb3 Bb7 37. Nc5 Rc8 38. b4 Bxc5 39. bxc5 Ra8 40.
Rb2 Bc6 41. Bf1 Ra1 42. Rc2 Rb1 43. g4 b4 44. Ra2 Rb3 45. Kd2 Rc3 46. Rc2 Ba4
47. Rc1 Ra3 48. Rb1 Ra2+ 0-1

[Event "Lichtenrader Herbst 2017"]
[Site "Berlin"]
[Date "2017.11.04"]
[Round "8.19"]
[White "Niehaus, Frank"]
[Black "Silz, Elisa"]
[Result "1-0"]
[WhiteElo "2183"]
[BlackElo "1970"]
[PlyCount "49"]
[EventDate "2017.??.??"]

1. e4 c5 2. Nf3 d6 3. d4 cxd4 4. Nxd4 Nf6 5. Nc3 a6 6. Bc4 e6 7. Bb3 Be7 8. g4
Nc6 9. g5 Ng8 10. Rg1 Nxd4 11. Qxd4 f6 12. h4 Qa5 13. Be3 Bd7 14. O-O-O Rc8 15.
Kb1 b5 16. f4 b4 17. Ne2 Qc5 18. Qd2 Qc7 19. Nd4 d5 20. exd5 e5 21. Ne6 Bxe6
22. dxe6 Rd8 23. Ba4+ Kf8 24. Bd7 h6 25. Qd3 1-0

[Event "Lichtenrader Herbst 2017"]
[Site "Berlin"]
[Date "2017.11.04"]
[Round "8.20"]
[White "Maetzkow, Maximilian Paul"]
[Black "Pfau, Beate"]
[Result "1/2-1/2"]
[WhiteElo "2090"]
[BlackElo "2053"]
[PlyCount "64"]
[EventDate "2017.??.??"]

1. e4 g6 2. d4 Bg7 3. Nc3 d6 4. Be3 Nf6 5. f3 Nbd7 6. Qd2 e6 7. O-O-O h6 8. h4
Nb6 9. g4 Bd7 10. g5 Ng8 11. Bd3 h5 12. Nge2 Ne7 13. f4 c6 14. Ng3 Qc7 15. f5
exf5 16. exf5 gxf5 17. Be2 O-O-O 18. Nxh5 Rxh5 19. Bxh5 Nc4 20. Qd3 Be6 21. b3
Nxe3 22. Qxe3 Rh8 23. Bf3 Qa5 24. h5 c5 25. h6 f4 26. Qxf4 Bxd4 27. Rxd4 cxd4
28. Qxd4 Qxg5+ 29. Kb2 Rxh6 30. Rg1 Qc5 31. Qg7 Rg6 32. Qf8+ Kd7 1/2-1/2

[Event "Lichtenrader Herbst 2017"]
[Site "Berlin"]
[Date "2017.11.04"]
[Round "8.21"]
[White "Bui, Bao Anh Le"]
[Black "Wierzbicki, Jirawat"]
[Result "1/2-1/2"]
[WhiteElo "1896"]
[BlackElo "2101"]
[PlyCount "38"]
[EventDate "2017.??.??"]

1. e4 e5 2. Nf3 Nc6 3. Bc4 Nf6 4. d3 Be7 5. Nbd2 O-O 6. Bb3 d6 7. c3 Na5 8. Bc2
c5 9. Nf1 Nc6 10. Ng3 Qc7 11. Qe2 Be6 12. O-O h6 13. Nh4 d5 14. Nhf5 dxe4 15.
dxe4 Kh7 16. Qf3 Ng8 17. Qg4 Bxf5 18. Nxf5 Bf6 19. Ne3 Nce7 1/2-1/2

[Event "Lichtenrader Herbst 2017"]
[Site "Berlin"]
[Date "2017.11.04"]
[Round "8.22"]
[White "Gorny, Michael"]
[Black "Tham, Nam"]
[Result "1/2-1/2"]
[WhiteElo "2050"]
[BlackElo "1683"]
[PlyCount "190"]
[EventDate "2017.??.??"]

1. d4 d5 2. Bf4 e6 3. e3 c6 4. Bd3 f5 5. c4 Nf6 6. Qc2 Ne4 7. f3 Nd6 8. cxd5
cxd5 9. Ne2 Nc6 10. a3 Bd7 11. O-O Be7 12. Nbc3 Rc8 13. Rad1 O-O 14. Kh1 a6 15.
Ng3 Nf7 16. Nge2 Bf6 17. Nc1 Na7 18. Qb3 Bc6 19. Bb1 Qd7 20. Rfe1 Nb5 21. N1a2
Nxc3 22. Nxc3 Nd6 23. Ba2 Nb5 24. Ne2 Nd6 25. Qb4 Be7 26. Qd2 Bb5 27. Nc1 Bc4
28. b3 Bb5 29. a4 Bc6 30. Nd3 Nf7 31. Rc1 Rfd8 32. Rc2 Qe8 33. Qa5 Qd7 34. Rec1
Ba3 35. Rf1 Be7 36. Bg3 Re8 37. h3 Qd8 38. Qd2 Qd7 39. Qc1 Red8 40. Qb2 Qe8 41.
Rfc1 Qf8 42. Rd1 Qe8 43. Rc3 Qf8 44. Qb1 Kh8 45. Rdc1 Kg8 46. Qa1 Ba3 47. Rf1
Be7 48. Bb1 Bb4 49. Rc2 Kh8 50. Rfc1 Ba3 51. Rd1 Bb4 52. Qb2 Kg8 53. Be1 Bd6
54. Ba5 Re8 55. f4 Kh8 56. Bb6 Kg8 57. Bc5 Kh8 58. Rdc1 Kg8 59. Rc3 Qe7 60. Qa3
Red8 61. Bxd6 Qxd6 62. Qxd6 Nxd6 63. Nc5 Re8 64. Bd3 a5 65. Bf1 Kf7 66. R3c2
Ke7 67. Kh2 g6 68. g4 Rf8 69. Be2 Rfe8 70. Kg3 h6 71. Bf3 Rg8 72. Nd3 Nf7 73.
Rc5 Ra8 74. Be2 Nd6 75. R5c2 Nf7 76. Kf2 Rab8 77. Rc5 Ra8 78. Kf3 Kd6 79. Nb2
Ra7 80. Bb5 Nd8 81. Nd3 Ra8 82. Ne5 Rc8 83. Bxc6 Nxc6 84. Nf7+ Ke7 85. Nxh6 Rh8
86. g5 Rhd8 87. Kg3 Kf8 88. Rb5 Rb8 89. Rb6 Rdc8 90. Rc5 Kg7 91. h4 Rc7 92. Kf3
Rcc8 93. Kg3 Rc7 94. Rbb5 Rcc8 95. Rc1 b6 1/2-1/2

[Event "Lichtenrader Herbst 2017"]
[Site "Berlin"]
[Date "2017.11.04"]
[Round "8.23"]
[White "Schmidek, Emil"]
[Black "Reuter, Maximilian"]
[Result "1-0"]
[WhiteElo "2387"]
[BlackElo "1883"]
[PlyCount "37"]
[EventDate "2017.??.??"]

1. e4 c5 2. Nf3 Nc6 3. d4 cxd4 4. Nxd4 Nf6 5. Nc3 d6 6. Bg5 e6 7. Qd2 a6 8.
O-O-O Bd7 9. Nb3 b5 10. f4 Qb6 11. Be2 h6 12. Bxf6 gxf6 13. e5 fxe5 14. Ne4 Nd4
15. fxe5 dxe5 16. Nf6+ Ke7 17. Nxd7 Nxb3+ 18. axb3 Qc7 19. Qb4+ 1-0

[Event "Lichtenrader Herbst 2017"]
[Site "Berlin"]
[Date "2017.11.04"]
[Round "8.24"]
[White "Shoipov, Dennie"]
[Black "Polatel, Ali"]
[Result "0-1"]
[WhiteElo "1890"]
[BlackElo "2268"]
[PlyCount "59"]
[EventDate "2017.??.??"]

1. e4 g6 2. d4 Bg7 3. f4 c6 4. Nf3 d5 5. e5 Nh6 6. Bd3 f6 7. Nbd2 O-O 8. Nf1
Bg4 9. Ne3 Bxf3 10. gxf3 c5 11. c3 Nc6 12. Bc2 cxd4 13. cxd4 fxe5 14. fxe5 e6
15. h4 Rf4 16. Ng4 Rxd4 17. Nxh6+ Bxh6 18. Bxh6 Rxd1+ 19. Rxd1 Nxe5 20. h5 Rc8
21. Bb1 g5 22. f4 Qa5+ 23. Kf1 Qb5+ 24. Kg1 Qe2 25. fxe5 Qxd1+ 26. Kg2 Qe2+ 27.
Kg3 Qxe5+ 28. Kf2 Qf6+ 29. Ke2 Qxh6 30. Bxh7+ 0-1

[Event "Lichtenrader Herbst 2017"]
[Site "Berlin"]
[Date "2017.11.04"]
[Round "8.25"]
[White "Fahland, Maximilian"]
[Black "Behrmann, Joachim"]
[Result "1/2-1/2"]
[WhiteElo "1971"]
[BlackElo "2228"]
[PlyCount "35"]
[EventDate "2017.??.??"]

1. Nf3 d5 2. g3 Nf6 3. Bg2 c5 4. d4 Nc6 5. O-O e6 6. c4 Be7 7. cxd5 exd5 8. Nc3
O-O 9. dxc5 Bxc5 10. Bg5 d4 11. Bxf6 gxf6 12. Na4 Be7 13. Rc1 Be6 14. Nc5 Bd5
15. Qa4 Re8 16. Nb3 Rb8 17. Nbxd4 Nxd4 18. Qxd4 1/2-1/2

[Event "Lichtenrader Herbst 2017"]
[Site "Berlin"]
[Date "2017.11.04"]
[Round "8.26"]
[White "Piotrowski, Christopher"]
[Black "Bauder, Herbert"]
[Result "1-0"]
[WhiteElo "2110"]
[BlackElo "1925"]
[PlyCount "77"]
[EventDate "2017.??.??"]

1. c4 c5 2. g3 g6 3. Bg2 Bg7 4. Nf3 Nc6 5. Nc3 e5 6. d3 Nge7 7. O-O O-O 8. Ne1
d6 9. Nc2 a5 10. Ne3 h6 11. Bd2 f5 12. Ned5 Kh7 13. e3 Nxd5 14. Nxd5 Ne7 15.
Bc3 Rb8 16. Nxe7 Qxe7 17. Bxa5 b5 18. cxb5 Rxb5 19. Bc3 Be6 20. f4 Qa7 21. Qd2
Qc7 22. fxe5 dxe5 23. a4 Rb3 24. a5 c4 25. dxc4 Bxc4 26. Rfd1 e4 27. Bd4 Bxd4
28. Qxd4 Bd3 29. a6 Rc8 30. a7 Ra8 31. Qd5 Rxb2 32. Qxa8 Qc2 33. Qh8+ Kxh8 34.
a8=Q+ Kg7 35. Ra7+ Kf6 36. Qd8+ Ke5 37. Re7+ Kf6 38. Re8+ Kf7 39. Qe7# 1-0

[Event "Lichtenrader Herbst 2017"]
[Site "Berlin"]
[Date "2017.11.04"]
[Round "8.27"]
[White "Jaeschke, Jens-Uwe"]
[Black "Riering, Berthold"]
[Result "1/2-1/2"]
[WhiteElo "2128"]
[BlackElo "1977"]
[PlyCount "62"]
[EventDate "2017.??.??"]

1. Nf3 d5 2. e3 Nf6 3. c4 c6 4. Nc3 e6 5. Qc2 Nbd7 6. b3 Bd6 7. Bb2 O-O 8. Be2
Qe7 9. d4 b6 10. O-O Bb7 11. Rac1 Rac8 12. Rfd1 Rfd8 13. e4 Nxe4 14. Nxe4 dxe4
15. Qxe4 Nf6 16. Qh4 Ba3 17. Bxa3 Qxa3 18. Rc2 c5 19. Rcd2 Ne4 20. Ng5 Nxd2 21.
Qxh7+ Kf8 22. Qh8+ Ke7 23. Qxg7 Rf8 24. Rxd2 Qc1+ 25. Rd1 Qf4 26. g3 Qf5 27.
Bd3 Qg4 28. Re1 Qxd4 29. Rxe6+ Kd7 30. Qxd4+ cxd4 31. Rf6 Ke7 1/2-1/2

[Event "Lichtenrader Herbst 2017"]
[Site "Berlin"]
[Date "2017.11.04"]
[Round "8.29"]
[White "Shpati, Ted"]
[Black "Schmidt, Juergen"]
[Result "1-0"]
[WhiteElo "2048"]
[BlackElo "1948"]
[PlyCount "83"]
[EventDate "2017.??.??"]

1. e4 e5 2. Nf3 Nc6 3. Bb5 a6 4. Bxc6 dxc6 5. Nc3 f6 6. d4 exd4 7. Nxd4 Bd6 8.
Be3 Ne7 9. Qe2 c5 10. Nb3 b6 11. O-O-O Be6 12. Kb1 Qc8 13. h3 O-O 14. f4 Nc6
15. g4 c4 16. Nd2 b5 17. Qg2 b4 18. Nd5 Bxd5 19. exd5 Na5 20. Ne4 b3 21. Nxd6
bxa2+ 22. Ka1 cxd6 23. Bb6 Nb7 24. Qe4 c3 25. Qe6+ Kh8 26. b3 Re8 27. Qxc8
Raxc8 28. Rhe1 Kg8 29. Kxa2 Kf7 30. Rxe8 Kxe8 31. Rd4 Kd7 32. b4 a5 33. bxa5
Ra8 34. Ra4 Nc5 35. Bxc5 dxc5 36. Kb3 Kd6 37. Kc4 g6 38. a6 Ra7 39. Kb5 Kxd5
40. Kb6 Re7 41. a7 Re6+ 42. Kb5 1-0

[Event "Lichtenrader Herbst 2017"]
[Site "Berlin"]
[Date "2017.11.04"]
[Round "8.30"]
[White "Boettcher, Patrick"]
[Black "Seefeld, Marc"]
[Result "1-0"]
[WhiteElo "2099"]
[BlackElo "1908"]
[PlyCount "147"]
[EventDate "2017.??.??"]

1. d4 Nf6 2. c4 e6 3. Nf3 d5 4. Nc3 c6 5. e3 Be7 6. b3 O-O 7. Bb2 Nbd7 8. Bd3
b6 9. O-O Bb7 10. Qe2 c5 11. Rad1 Rc8 12. Rfe1 Qc7 13. e4 dxe4 14. Nxe4 Nxe4
15. Bxe4 Bxe4 16. Qxe4 Nf6 17. Qh4 Rfd8 18. Ne5 cxd4 19. Bxd4 Bb4 20. Re3 Bc5
21. Ree1 Bb4 22. Rf1 h6 23. h3 Be7 24. Nf3 Nh7 25. Qg4 Nf6 26. Qh4 Nh7 27. Qe4
Nf6 28. Qe2 Nd7 29. Bb2 Bf6 30. Nd4 a6 31. f4 Nb8 32. Kh1 Bxd4 33. Bxd4 Nc6 34.
Be3 Rxd1 35. Rxd1 Rd8 36. Rc1 Nb4 37. a3 Nd3 38. Rd1 Nc5 39. Rxd8+ Qxd8 40. b4
Na4 41. Qc2 Qd7 42. Kh2 f5 43. Qb3 Kf7 44. b5 axb5 45. cxb5 Qa7 46. Bd4 g5 47.
Qf3 Qc7 48. Be5 Qc5 49. Qh5+ Ke7 50. Qxh6 gxf4 51. Qg7+ Ke8 52. Bxf4 Qxa3 53.
Qh8+ Qf8 54. Qh5+ Qf7 55. Qf3 Nc5 56. Qa8+ Ke7 57. Bg5+ Kd6 58. Qc6+ Ke5 59.
Qxb6 Nb7 60. Be3 Qd7 61. g3 Kf6 62. Qd4+ Qxd4 63. Bxd4+ e5 64. Bb2 Ke6 65. h4
e4 66. Bd4 Kf7 67. h5 Kg8 68. Kh3 Kh7 69. Kh4 Kh6 70. Be3+ Kh7 71. Kg5 Kg7 72.
b6 Nd6 73. Bc5 Nb7 74. Bd4+ 1-0

[Event "Lichtenrader Herbst 2017"]
[Site "Berlin"]
[Date "2017.11.05"]
[Round "9.1"]
[White "Stern, Rene"]
[Black "Kasparov, Sergey"]
[Result "1/2-1/2"]
[WhiteElo "2522"]
[BlackElo "2450"]
[PlyCount "22"]
[EventDate "2017.??.??"]

1. Nf3 Nf6 2. c4 c6 3. d4 d5 4. Nbd2 g6 5. b3 Bg7 6. Bb2 O-O 7. e3 b6 8. Bd3
Bb7 9. O-O Nbd7 10. Qe2 c5 11. Rac1 Rc8 1/2-1/2

[Event "Lichtenrader Herbst 2017"]
[Site "Berlin"]
[Date "2017.11.05"]
[Round "9.2"]
[White "Danin, Alexandre"]
[Black "Starostits, Ilmars"]
[Result "1-0"]
[WhiteElo "2554"]
[BlackElo "2418"]
[PlyCount "83"]
[EventDate "2017.??.??"]

1. e4 c6 2. d4 d5 3. exd5 cxd5 4. c4 Nf6 5. Nc3 Nc6 6. Bg5 dxc4 7. Bxc4 Qxd4 8.
Qxd4 Nxd4 9. O-O-O e5 10. f4 Bg4 11. Nf3 Nxf3 12. gxf3 Bxf3 13. fxe5 Bxh1 14.
exf6 h6 15. Re1+ Kd7 16. Rd1+ Kc8 17. Bh4 g5 18. Bg3 Bc6 19. Nb5 b6 20. Nd4 Bg2
21. Rd2 Bc5 22. Rxg2 Bxd4 23. Ba6+ Kd7 24. Rd2 Ke6 25. Rxd4 Rad8 26. Rc4 Kxf6
27. Rc6+ Kf5 28. Kc2 h5 29. Bd3+ Kg4 30. Rf6 h4 31. Be2+ Kh3 32. Bf1+ Kg4 33.
Be5 Rhe8 34. h3+ Kh5 35. Be2+ g4 36. Bxg4+ Kg5 37. Bc3 Re4 38. Rxf7 Rd6 39.
Rxa7 Kf4 40. Rg7 Ke3 41. Rh7 b5 42. a3 1-0

[Event "Lichtenrader Herbst 2017"]
[Site "Berlin"]
[Date "2017.11.05"]
[Round "9.3"]
[White "Kryakvin, Dmitry"]
[Black "Mueller, Nick"]
[Result "1-0"]
[WhiteElo "2583"]
[BlackElo "2268"]
[PlyCount "89"]
[EventDate "2017.??.??"]

1. d4 Nf6 2. Bg5 d5 3. e3 e6 4. Bd3 Be7 5. Nd2 Nbd7 6. f4 c5 7. c3 b6 8. Ngf3
Bb7 9. Ne5 Nxe5 10. fxe5 Nd7 11. Bxe7 Qxe7 12. O-O f5 13. exf6 gxf6 14. Qh5+
Qf7 15. Qh4 O-O-O 16. Rf2 Qg7 17. Bb5 f5 18. Bxd7+ Rxd7 19. Nf3 Rg8 20. Ne5 Rc7
21. Rd1 Qg5 22. Qf4 Rgg7 23. Rdd2 Kb8 24. Rf3 Bc8 25. Rh3 cxd4 26. Qxg5 Rxg5
27. exd4 Kb7 28. Rf2 a5 29. Rf4 Rgg7 30. Rh6 Rce7 31. Kf2 Kc7 32. h3 Bd7 33. g4
fxg4 34. hxg4 Be8 35. Rff6 Kd6 36. Ke3 Bg6 37. Nxg6 hxg6 38. g5 Ref7 39. Kf4
Rxf6+ 40. gxf6 g5+ 41. Kg4 Rg8 42. a4 b5 43. axb5 Rb8 44. Kxg5 Rxb5 45. Rh2 1-0

[Event "Lichtenrader Herbst 2017"]
[Site "Berlin"]
[Date "2017.11.05"]
[Round "9.4"]
[White "Malek, Daniel"]
[Black "Weber, Max"]
[Result "1-0"]
[WhiteElo "2405"]
[BlackElo "2264"]
[PlyCount "69"]
[EventDate "2017.??.??"]

1. d4 Nf6 2. c4 g6 3. Nc3 d5 4. Bf4 Bg7 5. e3 c5 6. dxc5 Qa5 7. Rc1 dxc4 8.
Bxc4 O-O 9. Nge2 Qxc5 10. Qb3 Nc6 11. Nb5 Qh5 12. Ng3 Qh4 13. Nc7 e5 14. Bxe5
Nxe5 15. Nxa8 b6 16. Nc7 Bb7 17. Nd5 Nxd5 18. Bxd5 Bxd5 19. Qxd5 Rd8 20. Qb5
Nd3+ 21. Ke2 Nxc1+ 22. Rxc1 Qg4+ 23. f3 Qh4 24. Nf1 Qf6 25. Rc2 Bf8 26. Nd2 Qh4
27. h3 Qg3 28. Kf1 Bc5 29. Qe2 f5 30. b4 Bd6 31. f4 Kg7 32. Nf3 Bxb4 33. Rc7+
Kf8 34. Qc2 Bc5 35. Qb3 1-0

[Event "Lichtenrader Herbst 2017"]
[Site "Berlin"]
[Date "2017.11.05"]
[Round "9.5"]
[White "Chan, Kim Yew"]
[Black "Florstedt, Johannes"]
[Result "1-0"]
[WhiteElo "2185"]
[BlackElo "2243"]
[PlyCount "65"]
[EventDate "2017.??.??"]

1. Nf3 Nf6 2. c4 g6 3. b3 Bg7 4. Bb2 O-O 5. g3 d5 6. Bg2 Nc6 7. O-O d4 8. e3 e5
9. exd4 exd4 10. d3 Re8 11. Na3 Nd7 12. Nc2 Nc5 13. Ba3 Ne6 14. b4 a5 15. b5
Nb8 16. Re1 Nd7 17. Bb2 Ndc5 18. Ncxd4 Nxd4 19. Rxe8+ Qxe8 20. Bxd4 Bxd4 21.
Nxd4 Qe5 22. Nb3 Bg4 23. Qxg4 Nxb3 24. Rd1 Nd4 25. Bxb7 f5 26. Qh4 Rb8 27. Bc6
Rf8 28. Qg5 Qd6 29. Qe3 Nxc6 30. bxc6 Qxc6 31. Re1 Rd8 32. Qd2 Qxc4 33. Re8+
1-0

[Event "Lichtenrader Herbst 2017"]
[Site "Berlin"]
[Date "2017.11.05"]
[Round "9.6"]
[White "Foerster, Jonas"]
[Black "Schnabel, Ralf"]
[Result "1/2-1/2"]
[WhiteElo "2268"]
[BlackElo "2225"]
[PlyCount "39"]
[EventDate "2017.??.??"]

1. Nf3 f5 2. d4 Nf6 3. Bg5 Ne4 4. h4 d6 5. e3 Nc6 6. Bb5 a6 7. Bxc6+ bxc6 8.
Nbd2 Nxg5 9. Nxg5 e6 10. Qf3 Bd7 11. Qg3 Qf6 12. O-O-O Rb8 13. Nc4 Rb4 14. b3
Be7 15. e4 fxe4 16. Qc3 Rb5 17. a4 Rb8 18. Nxe4 Qf4+ 19. Qe3 Qxe3+ 20. Nxe3
1/2-1/2

[Event "Lichtenrader Herbst 2017"]
[Site "Berlin"]
[Date "2017.11.05"]
[Round "9.7"]
[White "Gebigke, Martin"]
[Black "Brustkern, Juergen"]
[Result "1/2-1/2"]
[WhiteElo "2111"]
[BlackElo "2287"]
[PlyCount "176"]
[EventDate "2017.??.??"]

1. d4 f5 2. g3 Nf6 3. Bg2 g6 4. Nf3 Bg7 5. c4 O-O 6. Nc3 d6 7. O-O Nc6 8. d5
Ne5 9. Nxe5 dxe5 10. Qb3 h6 11. c5 Kh8 12. Rd1 g5 13. Bd2 a6 14. Be1 Rb8 15. a4
Qe8 16. a5 e4 17. f3 Qf7 18. c6 b5 19. Qb4 exf3 20. exf3 Ne8 21. Bf2 f4 22. g4
Nd6 23. Re1 e6 24. Ne4 Nc4 25. d6 cxd6 26. Nxd6 Qc7 27. Nxc4 bxc4 28. Qxc4 Rxb2
29. Bd4 Rb5 30. Bf1 e5 31. Bc3 Qa7+ 32. Kg2 Rc5 33. Qb4 Rxc6 34. Bxe5 Rc2+ 35.
Kh1 Rg8 36. Qd6 Bxe5 37. Rxe5 Qg7 38. Re7 Rc6 39. Qa3 Qc3 40. Bd3 Rd8 41. Qxc3+
Rxc3 42. Be4 Kg8 43. Re1 Rc5 44. Bh7+ Kf8 45. Bg6 Rd7 46. Re8+ Kg7 47. Bf5 Rdc7
48. Bxc8 Rxc8 49. R1e7+ Kf6 50. Re6+ Kg7 51. Rxc8 Rxc8 52. Rxa6 Rc3 53. Ra7+
Kg6 54. Ra6+ Kg7 55. Kg2 Rc2+ 56. Kg1 Rc3 57. Ra7+ Kg6 58. Kf2 Rc2+ 59. Ke1
Rxh2 60. a6 Ra2 61. Ra8 Kg7 62. Kd1 Rf2 63. Rb8 Ra2 64. Rb7+ Kf6 65. Rb6+ Ke5
66. Rxh6 Kd4 67. Re6 Kc3 68. Ke1 Kd3 69. Kf1 Ra1+ 70. Kf2 Ra2+ 71. Kf1 Ra1+ 72.
Kg2 Ra2+ 73. Kg1 Ra1+ 74. Kg2 Ra2+ 75. Kh3 Ra3 76. Re5 Rxa6 77. Rxg5 Ke3 78.
Rb5 Kxf3 79. g5 Ra1 80. Rb3+ Ke4 81. Kg4 Rg1+ 82. Kh5 f3 83. Rb4+ Kf5 84. Rb5+
Kf4 85. Rb4+ Ke5 86. Rb5+ Kf4 87. Rb4+ Kf5 88. Rb5+ Kf4 1/2-1/2